Taylor Swift mystery lyrics #52 - Statistics

General Stats
  • This quiz has been taken 92 times
    85 since last reset
  • The average score is 225 of 353
Answer Stats
Answer % Correct
I
100%
the
98%
The
98%
you
98%
a
97%
me
97%
in
95%
on
93%
we
93%
your
93%
Your
93%
my
92%
When
92%
And
90%
and
90%
it
90%
to
90%
No
88%
of
88%
I'm
87%
go
85%
he
83%
But
82%
they
82%
this
80%
all
78%
If
77%
if
77%
was
77%
not
73%
by
72%
like
70%
at
68%
just
68%
know
68%
Now
68%
now
68%
time
68%
as
67%
Ever
67%
get
67%
Yeah
62%
yeah
62%
about
60%
up
60%
from
58%
Long
55%
story
55%
us
55%
down
53%
look
52%
bad
50%
before
50%
short
50%
right
48%
will
48%
fell
47%
these
47%
walk
47%
ah
45%
tell
45%
always
43%
guy
43%
'til
43%
wanna
43%
wrong
43%
keep
42%
back
40%
hole
40%
lips
40%
rabbit
40%
there's
40%
things
40%
he's
38%
more
38%
shoe
38%
fits
37%
lost
37%
nearest
37%
survived
37%
home
35%
keepin'
35%
score
35%
someone
35%
war
35%
better
33%
break
33%
chance
33%
live
33%
once
33%
passed
33%
sleep
33%
everywhere
32%
Past
32%
pick
32%
precipice
32%
ready
32%
warm
32%
battle
30%
both
30%
evermore
30%
heels
30%
high
30%
meet
30%
pedestal
30%
defeat
28%
feels
28%
petty
28%
picked
28%
shouted
28%
sides
28%
surrounded
28%
swing
28%
tried
28%
alley
27%
clung
27%
comes
27%
themselves
27%
tug
27%
ways
27%
cuts
25%
knife
25%
rear
25%
shore
25%
waves
25%
words
25%
climbed
23%
Fatefully
23%
Misery
23%
Pushed
23%
view
23%
cliff
22%
door
22%
gates
22%
held
22%
nemeses
22%
peace
22%
sword
22%
threw
22%
bushes
20%
comet
20%
dropped
20%
felt
20%
golden
20%
keys
20%
knocked
20%
Missing
20%
must
20%
sky
20%
Rare
18%
passing
17%
Actually
15%
glimmer
15%
No matching quizzes found
Score Distribution
Percent of People with Each Score
Percentile by Number Answered
Your Score History
You have not taken this quiz since the last reset